LEADER 01726nas a2200325 a 4500 001 000000112203 003 CaOOAMICUS 005 20080630135358.0 008 080630c1888 it 0 ita r 022 $a0391-1810 040 $aPUL$bita$dLaci 245 00$aBullettino dell'Istituto di diritto romano "Vittorio Scialoja". 247 00$aBullettino dell'Istituto di diritto romano$fa.1 (1888)-a.41 (1934). 260 $aRoma :$bIstituto di diritto romano,$c1888- 300 $a v. ;$c26 cm. 310 $aAnnuale 362 0 $aA.1 (1888)-a. 41 (1933); Nuova serie: v.1- 42 della collezione (1934)-v.20- 61 della collezione (1958); terza serie v.1 -62 della collezione (1959)- 500 $aIl luogo e l'editore variano 500 $aPubblicato per cura del segretario perpetuo Vittorio Scialoja, cui succede Salvatore Riccobono 515 $aDiversi volumi pubblicati insieme 650 4$aDiritto romano$vPeriodici.$0(OLS)http://pul/subject/27905 700 1 $aRiccobono, Salvatore,$d1864-1958.$0(OLS)http://pul/name/4397 700 1 $aScialoja, Vittorio,$d1856-1933.$0(OLS)http://pul/name/13823 850 $aPUL 852 $aPUL$W1$xSL Riviste Correnti$y14$mSL340.505Riv.1/DP1312.D$j128432$bA.1 (1888)-v.61 (1958), v.63 (1960)-v. 98-99 (1995-1996), IV serie v. 105 (2011)-$qPeriodici$B127307$CPULBib$Z2$F127307 $82 941 1 $a5 996 $6022$a0391-1810$9(OLS)http://pul/number/138251 996 $6245$aBullettino dell'Istituto di diritto romano "Vittorio Scialoja"$9(OLS)http://pul/title/141038 996 $6247$aBullettino dell'Istituto di diritto romano$fa.1 (1888)-a.41 (1934).$9(OLS)http://pul/title/141044 996 $6260$aRoma :$bIstituto di diritto romano$9(OLS)http://pul/publisher/48662 LEADER 01294nam a2200313 a 4500 001 000000132719 003 CaOOAMICUS 005 20130208104705.0 008 130208s2012 it u000 u ita r 020 $a978-88-394-0844-0 040 $aPUL$bita 082 04$a291.205 245 00$aLettere di Bar Kokhba /$ca cura di Corrado Martone. 260 $aBrescia :$bPaideia,$cİ2012. 300 $a107 p. ;$c21 cm 490 1 $aTesti del Vicino Oriente antico.$a06, Letteratura ebraica e aramaica ;$v02 500 $aComprende indici. 504 $aBibliografia p. 89-[99]. 650 4$aLetteratura ebraica.$0(OLS)http://pul/subject/8236 700 1 $aMartone, Corrado,$d1963-$0(OLS)http://pul/name/39564 830 0$aTesti del Vicino Oriente antico.$pLetteratura ebraica e aramaica ;$v02.$0(OLS)http://pul/title/167697 850 $aPUL 852 $aPUL$W1$xSL Religione 3$y85$m291. 205 COLL 1.6.2$j152673$qDDC 21$B152084$CPULBib$Z2$F152084 $H121628 $82 941 1 $a9 996 $6020$a978-88-394-0844-0$9(OLS)http://pul/number/151796 996 $6082$a291.205$9(OLS)http://pul/classification/2114 996 $6245$aLettere di Bar Kokhba$9(OLS)http://pul/title/167696 996 $6260$aBrescia :$bPaideia$9(OLS)http://pul/publisher/47884